Biomedical signal analysis : (Record no. 25406)

000 -LEADER
fixed length control field 01991cam a2200337 a 4500
001 - CONTROL NUMBER
control field 15574114
003 - CONTROL NUMBER IDENTIFIER
control field OSt
005 - DATE AND TIME OF LATEST TRANSACTION
control field 20170131115219.0
008 - FIXED-LENGTH DATA ELEMENTS--GENERAL INFORMATION
fixed length control field 090105s2010 mauaf b 001 0 eng
010 ## - LIBRARY OF CONGRESS CONTROL NUMBER
LC control number 2008055768
015 ## - NATIONAL BIBLIOGRAPHY NUMBER
National bibliography number GBA976410
Source bnb
016 7# - NATIONAL BIBLIOGRAPHIC AGENCY CONTROL NUMBER
Record control number 015341357
Source Uk
020 ## - INTERNATIONAL STANDARD BOOK NUMBER
International Standard Book Number 9780262013284 (hardcover : alk. paper)
020 ## - INTERNATIONAL STANDARD BOOK NUMBER
International Standard Book Number 0262013282 (hardcover : alk. paper)
035 ## - SYSTEM CONTROL NUMBER
System control number (OCoLC)ocn297222796
040 ## - CATALOGING SOURCE
Original cataloging agency DLC
Transcribing agency DLC
Modifying agency BTCTA
-- YDXCP
-- C#P
-- CDX
-- UKM
-- DLC
050 00 - LIBRARY OF CONGRESS CALL NUMBER
Classification number RC78.7.N83T445 2009
082 00 - DEWEY DECIMAL CLASSIFICATION NUMBER
Classification number 616.07/54
Edition number 22
100 1# - MAIN ENTRY--PERSONAL NAME
Personal name Theis, Fabian J.
Dates associated with a name 2009
245 10 - TITLE STATEMENT
Title Biomedical signal analysis :
Remainder of title contemporary methods and applications /
Statement of responsibility, etc. Fabian J. Theis and Anke Meyer-Bäse.
260 ## - PUBLICATION, DISTRIBUTION, ETC. (IMPRINT)
Place of publication, distribution, etc. Cambridge, Mass. :
Name of publisher, distributor, etc. MIT Press,
Date of publication, distribution, etc. 2009.
300 ## - PHYSICAL DESCRIPTION
Extent xiii, 415 p., [8] p. of plates :
Other physical details ill. (some col.) ;
Dimensions 24 cm.
500 ## - GENERAL NOTE
General note Includes bibliographical references and index.
505 0# - FORMATTED CONTENTS NOTE
Formatted contents note Foundations of medical imaging and signal recording -- Spectral transformations -- Information theory and principal component analysis -- Independent component analysis and blind source separation -- Dependent component analysis -- Pattern recognition techniques -- Fuzzy clustering and genetic algorithms -- Exploratory data analysis methods for fMRI -- Low-frequency functional connectivity in fMRI -- Classification of dynamic breast MR image data -- Dynamic cerebral contrast-enhanced perfusion MRI -- Skin lesion classification -- Microscopic slice image processing and automatic labeling -- NMR water artifact removal.
600 ## - SUBJECT ADDED ENTRY--PERSONAL NAME
Source of heading or term Diagnostic imaging
650 #0 - SUBJECT ADDED ENTRY--TOPICAL TERM
Topical term or geographic name as entry element Magnetic resonance imaging.
650 #0 - SUBJECT ADDED ENTRY--TOPICAL TERM
Topical term or geographic name as entry element Image processing.
650 #0 - SUBJECT ADDED ENTRY--TOPICAL TERM
Topical term or geographic name as entry element Diagnostic imaging.
700 1# - ADDED ENTRY--PERSONAL NAME
Personal name Meyer-Bäse, Anke.
906 ## - LOCAL DATA ELEMENT F, LDF (RLIN)
a 7
b cbc
c orignew
d 1
e ecip
f 20
g y-gencatlg
942 ## - ADDED ENTRY ELEMENTS (KOHA)
Source of classification or shelving scheme
Koha item type Hard Covered Materials
Classification part RC78.7.N83T445 2009
Call number prefix 32997
Holdings
Withdrawn status Lost status Source of classification or shelving scheme Damaged status Not for loan Home library Current library Shelving location Date acquired Source of acquisition Total Checkouts Full call number Barcode Date last seen Price effective from Koha item type
          MACHAKOS UNIVERSITY LIBRARY MACHAKOS UNIVERSITY LIBRARY Technical section 31/01/2017 Donation(BFA)   RC78.7.N83T445 2009 32997 10/07/2018 31/01/2017 Hard Covered Materials
© Machakos University Library, Along The Highway, Machakos Wote Rd, Machakos, Kenya P.O. Box 136 - 90100 Machakos - Kenya

Tel: ( +254 ) 723 805829 OR Fax : 044-20353 OR Email: library@mksu.ac.ke